[Event "IRQ-ch"]
[Site "Baghdad"]
[Date "2022.08.26"]
[Round "5"]
[White "Saba, Jamal Mohammed"]
[Black "Saif, Salman Al Tememy"]
[Result "0-1"]
[WhiteElo "1453"]
[BlackElo "1595"]
[PlyCount "45"]
[EventDate "2022.08.24"]
[EventType "swiss"]
[EventRounds "9"]
[EventCountry "IRQ"]
[SourceTitle "CBM 210 Extra"]
[Source "ChessBase"]
[SourceDate "2022.11.30"]
[SourceVersion "1"]
[SourceVersionDate "2022.11.30"]
[SourceQuality "1"]

1. e4 c5 2. c3 d5 3. exd5 Qxd5 4. d4 Bd7 5. Nf3 a6 6. c4 Qe4+ 7. Be2 cxd4 8. 0-0 Nc6 9. Re1 0-0-0 10. Bf1 Qf5 11. Nxd4 Nxd4 12. Qxd4 Bc6 13. Qa7 e6 14. Be3 Bd6 15. Nd2 Qh5 16. g3 Bb8 17. Qb6 Rxd2 18. Bg2 Bxg2 19. Bxd2 Bc6 20. Ba5 Nf6 21. Rad1 Nd7 22. Rd3 Nxb6 23. Bxb6 0-1

[Event "IRQ-ch"]
[Site "Baghdad"]
[Date "2022.08.25"]
[Round "3"]
[White "Al Turaihi, Dhari Satea Saeed"]
[Black "Saba, Jamal Mohammed"]
[Result "0-1"]
[WhiteElo "1888"]
[BlackElo "1453"]
[PlyCount "64"]
[EventDate "2022.08.24"]
[EventType "swiss"]
[EventRounds "9"]
[EventCountry "IRQ"]
[SourceTitle "CBM 210 Extra"]
[Source "ChessBase"]
[SourceDate "2022.11.30"]
[SourceVersion "1"]
[SourceVersionDate "2022.11.30"]
[SourceQuality "1"]

1. d4 Nf6 2. Bf4 c5 3. e3 cxd4 4. exd4 d6 5. Nf3 e6 6. Bd3 Be7 7. 0-0 0-0 8. Nbd2 Nc6 9. c3 Nh5 10. Be3 f5 11. Nc4 b5 12. Na3 a6 13. Qe2 e5 14. Bc4+ d5 15. Bb3 f4 16. Nxe5 Nxe5 17. dxe5 fxe3 18. Qxh5 exf2+ 19. Kh1 Rf5 20. Qe2 Bc5 21. Rad1 Bb7 22. Qe4 Qf8 23. Rxd5 Kh8 24. Nc2 Re8 25. Nd4 Bxd4 26. cxd4 Bxd5 27. Qxd5 Rd8 28. Qe4 Rf4 29. Qe3 Rdxd4 30. e6 Rde4 31. Qh3 Re1 32. g3 Rfe4 0-1

[Event "IRQ-ch (Women)"]
[Site "Baghdad"]
[Date "2021.11.01"]
[Round "10"]
[White "Saba, Jamal Mohammed"]
[Black "Ibraheem, Delbak Ismael"]
[Result "0-1"]
[WhiteElo "1495"]
[BlackElo "1887"]
[PlyCount "84"]
[EventDate "2021.10.27"]
[EventType "tourn"]
[EventRounds "13"]
[EventCountry "IRQ"]
[SourceTitle "EXT 2023"]
[Source "ChessBase"]
[SourceDate "2022.10.05"]
[SourceVersion "1"]
[SourceVersionDate "2022.10.05"]
[SourceQuality "1"]

1. d4 g6 2. c4 Bg7 3. Nc3 Nf6 4. e4 d6 5. Be2 0-0 6. Bg5 h6 7. Be3 e5 8. d5 a5 9. h3 Na6 10. Nf3 Kh7 11. 0-0 b6 12. Nd2 Nc5 13. Qc2 Bd7 14. a3 a4 15. Rfb1 Ne8 16. Qd1 f5 17. Bxc5 bxc5 18. b4 axb3 19. Rxb3 Nf6 20. exf5 gxf5 21. Nb5 e4 22. Rab1 Re8 23. Nf1 Bxb5 24. cxb5 Nd7 25. Bh5 Rf8 26. Rg3 Be5 27. Rgb3 Qg5 28. Ng3 Nb6 29. Be2 Ra4 30. Bf1 Rd4 31. Qe1 Nxd5 32. Ne2 Ra4 33. Qd1 Nb6 34. Qc2 Rg8 35. Nc3 Rd4 36. Rd1 Qf4 37. g3 e3 38. Kh2 Qxf2+ 39. Qxf2 exf2 40. Rxd4 Rxg3 41. Ne2 Rxb3+ 42. Rf4 Nd5 0-1

[Event "Asia Nations online Cup (Women)"]
[Site "Chess.com INT"]
[Date "2020.10.17"]
[Round "6.5"]
[White "Saba, Jamal Mohammed"]
[Black "Mak, Xiu Ning Charlene"]
[Result "0-1"]
[WhiteElo "1514"]
[BlackElo "1678"]
[PlyCount "80"]
[EventDate "2020.10.11"]
[EventType "team-swiss (rapid)"]
[EventRounds "9"]
[EventCountry "IND"]
[SourceTitle "CBM 198 Extra"]
[Source "ChessBase"]
[SourceDate "2020.11.30"]
[SourceVersion "1"]
[SourceVersionDate "2020.11.30"]
[SourceQuality "1"]
[WhiteTeam "Iraq (W)"]
[BlackTeam "Singapore (W)"]
[WhiteTeamCountry "IRQ"]
[BlackTeamCountry "SIN"]

1. c4 Nf6 2. Nc3 g6 3. Nf3 Bg7 4. e4 d6 5. g3 0-0 6. Bg2 c5 7. 0-0 Nc6 8. a3 a6 9. Rb1 Rb8 10. b4 Bg4 11. h3 Bxf3 12. Bxf3 Nd7 13. b5 axb5 14. Nxb5 Nce5 15. Be2 Nf6 16. d3 Ne8 17. Bb2 Nc7 18. a4 Ne6 19. f4 Nc6 20. Bxg7 Kxg7 21. f5 Ned4 22. fxg6 hxg6 23. Kg2 Rh8 24. Nc3 Ne5 25. Nd5 Qd7 26. Rh1 Rh7 27. Rb6 Ra8 28. Nc3 Rah8 29. h4 g5 30. h5 g4 31. Rh4 Rxh5 32. Bxg4 Rxh4 33. Bxd7 Rh2+ 34. Kf1 Rh1+ 35. Kf2 Rxd1 36. Nxd1 Nxd7 37. Rxb7 Ne5 38. Rxe7 Nxd3+ 39. Ke3 Ne5 40. Nb2 Rh3 0-1

[Event "IRQ-chT 29th"]
[Site "Baghdad"]
[Date "2017.03.24"]
[Round "9"]
[White "Jalaluldeen, Kareen Kamal J"]
[Black "Saba, Jamal Mohammed"]
[Result "1/2-1/2"]
[WhiteElo "1766"]
[BlackElo "1552"]
[PlyCount "92"]
[EventDate "2017.03.09"]
[EventType "team-match"]
[EventRounds "11"]
[EventCountry "IRQ"]
[SourceTitle "CBM 177 Extra"]
[Source "ChessBase"]
[SourceDate "2017.04.27"]
[SourceVersion "1"]
[SourceVersionDate "2017.04.27"]
[SourceQuality "1"]
[WhiteTeam "Khanzad"]
[BlackTeam "Engineers"]
[WhiteTeamCountry "IRQ"]
[BlackTeamCountry "IRQ"]

1. d4 g6 2. c4 Nf6 3. Nc3 d5 4. Nf3 Bg7 5. Bf4 c6 6. e3 Qa5 7. Qd2 Nbd7 8. Bd3 dxc4 9. Bxc4 b5 10. Bd3 0-0 11. Ne4 Qb6 12. 0-0 Nh5 13. Bg5 Re8 14. Rac1 a5 15. Qc2 Bb7 16. Nc5 Nxc5 17. Qxc5 Qxc5 18. Rxc5 h6 19. Bh4 g5 20. Bg3 Nxg3 21. hxg3 e6 22. Ne5 Bf8 23. Rc2 Rec8 24. Rfc1 f5 25. Nxc6 b4 26. Ne5 Rxc2 27. Rxc2 Rc8 28. Rxc8 Bxc8 29. Bc4 a4 30. Nc6 Kg7 31. f3 Kf6 32. Kf2 a3 33. b3 h5 34. e4 fxe4 35. fxe4 Bb7 36. d5 exd5 37. Bxd5 Ba6 38. e5+ Kf5 39. Ke3 Bc5+ 40. Kd2 Bb7 41. e6 Bxc6 42. Bxc6 Kxe6 43. Be8 h4 44. gxh4 gxh4 45. Bc6 Ke5 46. Kd3 Bf8 1/2-1/2